000 01542nam2a2200265 4500
001 RU\NLR\BIBL_A\011886916
005 20181219172219.0
010 _a978-5-7641-1202-2
_bч. 1
_9100
021 _aRU
_bКН-П-18-085843
_9КН-П-18-6218
035 _a(NLR Aleph) 011886916
090 _a10809347
_c10809347
100 _a20181207d2018 u y0rusy50 ca
101 0 _arus
102 _aRU
105 _aa j 000zy
200 0 _aЧ. 1
210 _d2018
215 _a51 с.
_cил.
320 _aБиблиогр.: с. 49-50 (19 назв.)
461 0 _1001RU\NLR\BIBL_A\011886914
_12001#$aКоммерция грузовых перевозок$vЧ. 1
_1700#1$aКоровяковский$bЕ. К.$gЕвгений Константинович
_910809335
_aКоровяковский, Е. К.
_cСанкт-Петербург
_d2018
_fЕ.К. Коровяковский, Н.А. Слободчиков
_nФГБОУ ВО ПГУПС
_oучебное пособие : [по направлению 38.03.06 "Торговое дело" (профиль "Коммерция") и по направлению 080200 "Менеджмент" (профиль "Логистика") по дисциплинам "Коммерция грузовых перевозок", "Транспортное обеспечение коммерческой деятельности"]
_tКоммерция грузовых перевозок
_y9785764112015
_vЧ. 1
942 _cBOOK
980 _aNBR
980 _aNB